Panorama de la filosofía española actual: una situación escandalosa

সংরক্ষণ করুন:
গ্রন্থ-পঞ্জীর বিবরন
প্রধান লেখক: Abellán García-González, José Luis (Author)
বিন্যাস: গ্রন্থ
ভাষা:স্প্যানিশ
প্রকাশিত: Buenos Aires Espasa-Calpe 1978
সংস্করন:2a. ed
মালা:Selecciones Austral, 32
বিষয়গুলি:
ট্যাগগুলো: ট্যাগ যুক্ত করুন
কোনো ট্যাগ নেই, প্রথমজন হিসাবে ট্যাগ করুন!

MARC

LEADER 00000nam a2200000 a 4500
001 UCU1389
003 CL-VaPUC
008 960404e19780000AG |||||||||||||||||spa|d
082 0 4 |a 196.1  |b ABE  |2 21 
100 0 |a Abellán García-González, José Luis  |e author  |9 357035 
245 1 0 |a Panorama de la filosofía española actual: una situación escandalosa 
250 |a 2a. ed 
300 |a 222 p 
942 |c BK 
945 |d 19960404 00:00:00  |a rleighto 
260 |a Buenos Aires  |b Espasa-Calpe  |c 1978 
650 0 |a Filosofía española   |9 254895 
650 0 |a Filosofía contemporánea  |9 265372 
583 |a last modification  |c 20190710 07:57:53  |k Rodrigo Vera 
490 0 |a Selecciones Austral, 32 
999 |c 246034  |d 246032 
952 |0 0  |1 0  |4 0  |6 196_100000000000000_ABE_1978  |7 0  |8 A  |9 260755  |a BIBEDU  |b BIBEDU  |d 2019-11-19  |i 3183866  |o 196.1 ABE 1978  |p 3183866  |r 2019-11-19  |w 2019-11-19  |y BK  |k LIT